Online katalóg knižníc regiónu Turca

Smelý Zajko (Record no. 22552)

MARC details
000 -LEADER
fixed length control field 01499cam a2200433 a 4500
001 - CONTROL NUMBER
control field 22552
003 - CONTROL NUMBER IDENTIFIER
control field SK-KTurca
005 - DATE AND TIME OF LATEST TRANSACTION
control field 20260331164949.0
008 - FIXED-LENGTH DATA ELEMENTS--GENERAL INFORMATION
fixed length control field 240123s2015 xo a br 000 f slo
015 ## - NATIONAL BIBLIOGRAPHY NUMBER
National bibliography number SNBA2015/09
020 ## - INTERNATIONAL STANDARD BOOK NUMBER
International Standard Book Number 9788010027682
Qualifying information (viaz.)
035 ## - SYSTEM CONTROL NUMBER
System control number 5AEF5E4D-9403-4E1B-87EB-4F5A95BCA1A0
035 ## - SYSTEM CONTROL NUMBER
System control number urn:nbn:sk:snk-amkwf2
035 ## - SYSTEM CONTROL NUMBER
System control number urn:nbn:sk:snk-am00836s
040 ## - CATALOGING SOURCE
Original cataloging agency SVKBB
Language of cataloging slo
Transcribing agency SVKBB
Modifying agency SNK
Description conventions AACR2
041 0# - LANGUAGE CODE
Language code of text/sound track or separate title slo
044 ## - COUNTRY OF PUBLISHING/PRODUCING ENTITY CODE
MARC country code xo
ISO country code SK
072 #7 - SUBJECT CATEGORY CODE
Subject category code 821.162.4-3
Subject category code subdivision Slovenská próza
Source konspekt
072 #7 - SUBJECT CATEGORY CODE
Subject category code 821-93
Subject category code subdivision Literatúra pre deti a mládež
Source konspekt
080 ## - UNIVERSAL DECIMAL CLASSIFICATION NUMBER
Universal Decimal Classification number 821.162.4-32
Edition identifier 2001
080 ## - UNIVERSAL DECIMAL CLASSIFICATION NUMBER
Universal Decimal Classification number 821-93
Edition identifier 2001
100 1# - MAIN ENTRY--PERSONAL NAME
Personal name Hronský, Jozef Cíger,
Dates associated with a name 1896-1960
Relationship aut
245 10 - TITLE STATEMENT
Title Smelý Zajko
Statement of responsibility, etc. Jozef Cíger Hronský ; k obrázkom Jaroslava Vodrážku napísal Jozef Cíger Hronský
250 ## - EDITION STATEMENT
Edition statement 10. vyd.
260 ## - PUBLICATION, DISTRIBUTION, ETC.
Place of publication, distribution, etc. Bratislava
Name of publisher, distributor, etc. Slovenské pedagogické nakladateľstvo - Mladé letá
Date of publication, distribution, etc. 2015
300 ## - PHYSICAL DESCRIPTION
Extent 91 s.
Dimensions 19 cm
490 1# - SERIES STATEMENT
Series statement Zlatý fond slovenskej detskej literatúry
490 1# - SERIES STATEMENT
Series statement Prvé čítanie
521 1# - TARGET AUDIENCE NOTE
Target audience note Pre čitateľov od 6 rokov
655 #7 - INDEX TERM--GENRE/FORM
Genre/form data or focus term slovenské rozprávky
Source of term SNKPH
655 #7 - INDEX TERM--GENRE/FORM
Genre/form data or focus term publikácie pre deti
Source of term SNKPH
655 #7 - INDEX TERM--GENRE/FORM
Genre/form data or focus term Slovak fairy tales
Source of term SNKPH
655 #7 - INDEX TERM--GENRE/FORM
Genre/form data or focus term Children's literature
Source of term SNKPHeng
655 #7 - INDEX TERM--GENRE/FORM
Genre/form data or focus term autorské rozprávky
Source of term SNKPH
700 1# - ADDED ENTRY--PERSONAL NAME
Personal name Vodrážka, Jaroslav,
Dates associated with a name 1894-1984
Relationship ill
830 #0 - SERIES ADDED ENTRY--UNIFORM TITLE
Uniform title Zlatý fond slovenskej detskej literatúry
830 #0 - SERIES ADDED ENTRY--UNIFORM TITLE
Uniform title Prvé čítanie
942 ## - ADDED ENTRY ELEMENTS (KOHA)
Source of classification or shelving scheme Dewey Decimal Classification
Koha item type Krásna literatúra pre deti
Suppress in OPAC No
Holdings
Stav vyradenia Strata Poškodenie Spôsob nadobudnutia Domovská knižnica Aktuálna knižnica Dátum nadobudnutia Cena Total checkouts Čiarový kód exemplára Date last seen Typ exemplára
      Kúpa Obecná knižnica Horná Štubňa Obecná knižnica Horná Štubňa 31.03.2026 7.00   9788010027682 31.03.2026 Krásna literatúra pre deti
Projekt je podporený Slovenskou asociáciou knižníc
Prevádzkuje Turčianska knižnica Martin 2026